Analysis of the demand for labor of academics in Slovakia
Pracovné požiadavky občanov SR podľa dosiahnutého stupňa vzdelania. Zostavený Error correction model (model opravy chýb - odchýlok). Závislosť absolventov od pracovnej pozície vyjadrená v HDP, hrubom fixnom kapitále, reálnych mzdách a preoduktivite práce.
Salvato in:
| Autore principale: | |
|---|---|
| Natura: | Capitolo di libro |
| Lingua: | inglese |
| Soggetti: | |
| Tags: |
Nessun Tag, puoi essere il primo ad aggiungerne!!
|
MARC
| LEADER | 00000naa$a2200000$$$4500 | ||
|---|---|---|---|
| 001 | 0197233 | ||
| 005 | 20240502073330.9 | ||
| 041 | 0 | |a eng | |
| 044 | |a SK | ||
| 245 | 1 | 0 | |a Analysis of the demand for labor of academics in Slovakia |c Michal Pleva |
| 520 | |a Pracovné požiadavky občanov SR podľa dosiahnutého stupňa vzdelania. Zostavený Error correction model (model opravy chýb - odchýlok). Závislosť absolventov od pracovnej pozície vyjadrená v HDP, hrubom fixnom kapitále, reálnych mzdách a preoduktivite práce. | ||
| 610 | 2 | 0 | |a politika zamestnanosti |
| 610 | 2 | 0 | |a zamestnanci |
| 610 | 2 | 0 | |a miesta pracovné |
| 610 | 2 | 0 | |a vzdelanie vysokoškolské |
| 610 | 2 | 0 | |a výber zamestnania |
| 100 | 1 | |a Pleva, Michal, 1989- | |